[Event "Gibraltar Open"]
[Site "Caleta ENG"]
[Date "2012.01.26"]
[Round "3.39"]
[White "Salem, A.R. Saleh"]
[Black "Spence, David J"]
[Result "1-0"]
[WhiteTitle "GM"]
[WhiteElo "2505"]
[BlackElo "2213"]
[WhiteFideId "9301348"]
[BlackFideId "407429"]
[EventDate "2012.01.24"]

1. d4 e6 2. c4 Nf6 3. Nf3 b6 4. g3 Ba6 5. Qc2 c5 6. d5 exd5 7. cxd5 d6 8. Bg2
Be7 9. Nc3 b5 10. O-O Nbd7 11. a3 O-O 12. Rd1 Re8 13. b4 Bf8 14. bxc5 dxc5 15.
d6 Qb6 16. Ng5 g6 17. Nd5 Qxd6 18. Bf4 Ne5 19. Nb4 Qb6 20. Nxa6 Rac8 21. Qc3 Bd6
22. Bb7 Rcd8 23. Rxd6 Qxd6 24. Nxc5 Nd5 25. Bxd5 Qxd5 26. e4 Qd6 27. Nb7 Qf6 28.
Bxe5 1-0

[Event "Gibraltar Open"]
[Site "Caleta ENG"]
[Date "2012.01.26"]
[Round "3.40"]
[White "Cabrera, Alexis"]
[Black "Duhayon, Yves"]
[Result "1/2-1/2"]
[WhiteTitle "GM"]
[WhiteElo "2504"]
[BlackElo "2210"]
[WhiteFideId "3502783"]
[BlackFideId "200492"]
[EventDate "2012.01.24"]

1. e4 e5 2. Nf3 Nc6 3. Bb5 a6 4. Ba4 d6 5. c3 Bd7 6. d4 Nf6 7. Nbd2 g6 8. O-O
Bg7 9. Bxc6 Bxc6 10. dxe5 Nxe4 11. Nxe4 Bxe4 12. exd6 O-O 13. dxc7 Qxc7 14. Bg5
Qc6 15. Re1 Rfe8 16. Bh4 b5 17. a3 a5 18. Qe2 h6 19. Rac1 Qb7 20. Nd4 g5 21. Bg3
Bxd4 22. cxd4 Bxg2 23. Qg4 Qf3 24. Qxf3 Bxf3 25. Re3 g4 26. Kf1 Rac8 27. Rc5
Red8 28. Rxc8 Rxc8 29. Rc3 Rxc3 30. bxc3 f5 31. Ke1 Kf7 32. Kd2 Ke6 33. Bc7 a4
34. Ke3 Be4 35. Kf4 Kd5 36. Ba5 Bc2 37. Bb4 Bd3 38. Ba5 Bc2 1/2-1/2

[Event "Gibraltar Open"]
[Site "Caleta ENG"]
[Date "2012.01.26"]
[Round "3.43"]
[White "Dolgova, Olga"]
[Black "Hunt, Adam C"]
[Result "0-1"]
[WhiteTitle "WIM"]
[BlackTitle "IM"]
[WhiteElo "2206"]
[BlackElo "2462"]
[WhiteFideId "4158296"]
[BlackFideId "403970"]
[EventDate "2012.01.24"]

1. d4 Nf6 2. Nf3 g6 3. Bg5 Bg7 4. Nbd2 O-O 5. c3 d6 6. e3 b6 7. Be2 Bb7 8. O-O
c5 9. a4 Nc6 10. Qc2 Rc8 11. Nc4 cxd4 12. exd4 Nb8 13. Ne3 Ne4 14. Bh4 h6 15.
Rfd1 Nd7 16. Bd3 f5 17. Ne1 Kh8 18. Qb1 Ndf6 19. f3 Ng5 20. Be2 Ne6 21. Bf2 Nf4
22. Bf1 Qc7 23. Nd3 N4h5 24. Nb4 a5 25. Nbc2 Nf4 26. Na3 Bc6 27. Nb5 Qb7 28. Re1
Rcd8 29. Nc4 g5 30. Qc1 Ng6 31. Ne3 Nh5 32. d5 Bd7 33. Nc4 g4 34. Nxb6 gxf3 35.
gxf3 Ne5 36. Qd1 Be8 37. Nc4 Nf4 38. Nxe5 dxe5 39. c4 e6 40. d6 Bh5 41. Ra3 e4
42. Qd2 Ng6 43. fxe4 Ne5 44. exf5 Rxf5 45. Rxe5 Rxe5 46. Bg2 Qf7 47. Qxa5 Rf8
48. Qa7 Qf5 49. Rg3 Bf6 50. Nc3 Qc2 51. Qb6 Qd2 52. Bf1 Re1 53. Kg2 Be5 54. d7
Bxg3 55. hxg3 Bf3+ 56. Kg1 Rxf1+ 57. Kxf1 Qc1+ 58. Be1 Bd5+ 59. Qf2 Rxf2+ 60.
Kxf2 Qxb2+ 61. Ke3 Qb6+ 62. Kd3 Bc6 63. Bf2 Qc7 64. Bd4+ Kh7 65. Ne4 Bxe4+ 66.
Kxe4 Qxd7 0-1

[Event "Gibraltar Open"]
[Site "Caleta ENG"]
[Date "2012.01.26"]
[Round "3.45"]
[White "Tscharotschkin, Michael"]
[Black "Javakhishvili, Lela"]
[Result "0-1"]
[BlackTitle "IM"]
[WhiteElo "2195"]
[BlackElo "2454"]
[WhiteFideId "4619510"]
[BlackFideId "13601458"]
[EventDate "2012.01.24"]

1. e4 g6 2. d4 Bg7 3. c4 d6 4. Nc3 e5 5. Nf3 Nc6 6. d5 Nce7 7. Be2 Nf6 8. O-O
O-O 9. Ne1 Nd7 10. Be3 f5 11. f3 f4 12. Bf2 g5 13. Nd3 h5 14. c5 Nf6 15. Rc1 Ne8
16. Nb5 Ng6 17. cxd6 cxd6 18. Nxa7 Bd7 19. Qb3 Qb8 20. Nb5 g4 21. Nb4 Qd8 22.
Rfd1 g3 23. hxg3 fxg3 24. Bxg3 Bxb5 25. Nc6 Qg5 26. f4 exf4 0-1

[Event "Gibraltar Open"]
[Site "Caleta ENG"]
[Date "2012.01.26"]
[Round "3.47"]
[White "Raznikov, Danny"]
[Black "Scheckenbach, Franz"]
[Result "1-0"]
[WhiteTitle "IM"]
[WhiteElo "2436"]
[BlackElo "2182"]
[WhiteFideId "2811154"]
[BlackFideId "4635647"]
[EventDate "2012.01.24"]

1. d4 d5 2. c4 e6 3. Nf3 c5 4. cxd5 exd5 5. g3 Nc6 6. Bg2 Nf6 7. O-O Be7 8. Nc3
O-O 9. dxc5 Bxc5 10. Na4 Be7 11. Be3 Re8 12. Rc1 Bg4 13. Nc5 Qb6 14. Ne6 Qa5 15.
Ned4 Qa6 16. a3 Rad8 17. Re1 Bf8 18. Bg5 Qb6 19. Bxf6 gxf6 20. b4 Ne5 21. h3 Bh5
22. Qb3 Nxf3+ 23. Bxf3 Bxf3 24. Nxf3 Re4 25. e3 a5 26. b5 a4 27. Qd3 Qe6 28. Kg2
Qd6 29. Rc3 f5 30. Rec1 Bg7 31. Rc8 Ree8 32. R8c7 Re7 33. R7c5 Qe6 34. Nd4 Bxd4
35. Qxd4 Qe4+ 36. Qxe4 fxe4 37. Rd1 d4 38. Rxd4 Rxd4 39. exd4 e3 40. Kf1 exf2
41. Kxf2 Re6 42. Re5 Rf6+ 43. Ke2 Rg6 44. Kf3 Rf6+ 45. Ke4 Rf1 46. d5 Kf8 47. d6
Rd1 48. Rd5 Re1+ 49. Kd4 Rd1+ 50. Kc5 Rc1+ 51. Kb6 Ke8 52. Rc5 1-0

[Event "Gibraltar Open"]
[Site "Caleta ENG"]
[Date "2012.01.26"]
[Round "3.48"]
[White "Walton, Alan J"]
[Black "Zhukova, Natalia"]
[Result "0-1"]
[WhiteTitle "CM"]
[BlackTitle "GM"]
[WhiteElo "2161"]
[BlackElo "2426"]
[WhiteFideId "409898"]
[BlackFideId "14101513"]
[EventDate "2012.01.24"]

1. d4 d5 2. c4 e6 3. Nc3 c5 4. cxd5 exd5 5. g3 Nc6 6. Nf3 Nf6 7. Bg2 Be7 8. O-O
O-O 9. Bg5 cxd4 10. Nxd4 h6 11. Bf4 Bg4 12. Rc1 Rc8 13. h3 Be6 14. e4 Nxd4 15.
exd5 Nxd5 16. Nxd5 Rxc1 17. Nxe7+ Qxe7 18. Bxc1 Rd8 19. Qa4 b5 20. Qa5 Bd5 21.
Re1 Qd7 22. Be3 Bxg2 23. Bxd4 Bb7 0-1

[Event "Gibraltar Open"]
[Site "Caleta ENG"]
[Date "2012.01.26"]
[Round "3.49"]
[White "Bellon Lopez, Juan Manuel"]
[Black "Daurelle, Herve"]
[Result "1/2-1/2"]
[WhiteTitle "GM"]
[WhiteElo "2422"]
[BlackElo "2148"]
[WhiteFideId "2200031"]
[BlackFideId "602655"]
[EventDate "2012.01.24"]

1. d4 e6 2. Nf3 Nf6 3. Bg5 h6 4. Bxf6 Qxf6 5. e4 d6 6. Nc3 Nd7 7. Qd2 a6 8.
O-O-O Qd8 9. h4 b5 10. d5 e5 11. Qe3 Be7 12. Kb1 Nc5 13. g3 b4 14. Ne2 Bd7 15.
Nd2 a5 16. f4 Qb8 17. fxe5 dxe5 18. Nc4 f6 19. Qf3 O-O 20. Ne3 a4 21. Nc1 b3 22.
cxb3 axb3 23. a3 f5 24. Nxf5 Bxf5 25. exf5 e4 26. Qe3 Rxf5 27. Be2 Rf6 28. Rhf1
Na4 29. d6 Rxd6 30. Qxe4 Nxb2 31. Rxd6 Bxd6 32. Kxb2 Bxa3+ 33. Kb1 Bxc1 34. Qc4+
Kh8 35. Kxc1 Ra1+ 36. Kb2 Ra2+ 37. Kb1 Qa8 38. Qb4 Ra1+ 39. Kb2 Qa2+ 40. Kc3
Qc2+ 41. Kd4 Rxf1 42. Qb8+ Kh7 43. Bd3+ Qxd3+ 44. Kxd3 Rf3+ 45. Ke4 Rxg3 46. Kf4
Rg6 47. Qxb3 Rf6+ 48. Ke5 h5 49. Qc2+ Kh8 50. Qxc7 Kh7 51. Qc2+ Kh8 52. Qe2 Kh7
53. Qxh5+ Kg8 54. Ke4 Rh6 55. Qd5+ Kh8 56. Qd8+ Kh7 57. Kf5 Rf6+ 58. Kg4 Rg6+
59. Kh3 Rf6 60. h5 Rh6 61. Kg4 Rf6 62. Kg5 Rh6 63. Qf8 Rf6 64. Qxf6 gxf6+ 65.
Kxf6 Kh6 66. Kf5 Kxh5 1/2-1/2

[Event "Gibraltar Open"]
[Site "Caleta ENG"]
[Date "2012.01.26"]
[Round "3.50"]
[White "Dukaczewski, Piotr"]
[Black "Hamer, Martyn"]
[Result "1-0"]
[WhiteTitle "IM"]
[WhiteElo "2344"]
[BlackElo "2010"]
[WhiteFideId "1103520"]
[BlackFideId "413160"]
[EventDate "2012.01.24"]

1. Nf3 Nf6 2. c4 e6 3. Nc3 d5 4. d4 Be7 5. Bg5 O-O 6. e3 h6 7. Bxf6 Bxf6 8. cxd5
exd5 9. Bd3 Re8 10. Rc1 c6 11. Bb1 Nd7 12. O-O Nf8 13. Ne2 Bg4 14. Nf4 Qd7 15.
h3 Bf5 16. Nd3 Qd6 17. a3 Be4 18. Nd2 Bh7 19. Qb3 Rab8 20. Qa4 a6 21. b4 Bd8 22.
Rfe1 Bc7 23. Nf1 Ng6 24. Nc5 Ne7 25. Bxh7+ Kxh7 26. Qb3 f5 27. g3 g5 28. Kg2 h5
29. f3 Rf8 30. e4 fxe4 31. fxe4 Qf6 32. Qe3 Rbd8 33. e5 Qg6 34. Nxb7 Nf5 35. Qc3
Nh4+ 36. gxh4 gxh4+ 37. Ng3 Rd7 38. Qc2 Rg7 39. Re3 Rfg8 40. Qxg6+ Rxg6 41. Rcc3
hxg3 42. Rxg3 h4 43. Rxg6 Rxg6+ 44. Kf2 Bb6 45. Nc5 Kg7 46. Rf3 Kh6 47. a4 a5
48. bxa5 Bxa5 49. Ke3 Rg1 50. e6 Re1+ 51. Kf2 Kg5 52. Rf8 Kg6 53. Nd3 Re4 54.
Ne5+ 1-0

[Event "Gibraltar Open"]
[Site "Caleta ENG"]
[Date "2012.01.26"]
[Round "3.52"]
[White "Weber, Francois ESP"]
[Black "Hanley, Craig A"]
[Result "0-1"]
[BlackTitle "IM"]
[WhiteElo "2155"]
[BlackElo "2421"]
[WhiteFideId "2291690"]
[BlackFideId "408514"]
[EventDate "2012.01.24"]

1. e4 c5 2. Nf3 d6 3. d4 cxd4 4. Nxd4 Nf6 5. Nc3 a6 6. Bg5 e6 7. Bd3 Be7 8. Qe2
Qc7 9. O-O-O Nbd7 10. Kb1 b5 11. Rhe1 O-O 12. Qf3 b4 13. Bxf6 Nxf6 14. Nce2 e5
15. Nf5 Be6 16. Ne3 a5 17. c4 bxc3 18. Nxc3 Rfb8 19. Rc1 a4 20. Ncd5 Qb7 21.
Nxe7+ Kf8 22. Qe2 a3 23. N3d5 axb2 24. Rc4 Rxa2 25. Rb4 Qxb4 26. Nxb4 Rxb4 27.
Nd5 Nxd5 28. exd5 Bxd5 29. Qd2 Ra1+ 30. Kc2 Rxe1 0-1

[Event "Gibraltar Open"]
[Site "Caleta ENG"]
[Date "2012.01.26"]
[Round "3.53"]
[White "Molina, Roberto Junio Brito"]
[Black "Boesch, Dirk"]
[Result "1-0"]
[WhiteTitle "IM"]
[WhiteElo "2415"]
[BlackElo "2131"]
[WhiteFideId "2109450"]
[BlackFideId "4670639"]
[EventDate "2012.01.24"]

1. d4 Nf6 2. c4 e6 3. Nf3 c5 4. d5 b5 5. Bg5 exd5 6. cxd5 d6 7. e4 a6 8. a4 Be7
9. Bxf6 Bxf6 10. axb5 Bxb2 11. Ra2 Bf6 12. Bd3 O-O 13. O-O Bb7 14. Nbd2 Qc7 15.
Qc2 axb5 16. Rxa8 Bxa8 17. Bxb5 Nd7 18. Rb1 Ne5 19. Nxe5 Bxe5 20. Nf3 Qe7 21.
Bc6 Bd4 22. Nxd4 cxd4 23. Qd3 Qa7 24. Bxa8 Rxa8 25. g3 Qc5 26. Qa6 Rc8 27. Rd1
f5 28. Rxd4 fxe4 29. Rxe4 Rf8 30. Qa2 Qc1+ 31. Kg2 Qc3 32. Qe2 Qc5 33. Qd2 Rf5
34. Rd4 h5 35. f4 Kh7 36. Qd3 g6 37. Qe4 Kh6 38. Rd2 Qc3 39. Qd4 Qxd4 40. Rxd4
g5 41. Kf3 gxf4 42. gxf4 Kg6 43. Rd1 Kf6 44. Ke4 h4 45. Rc1 Rh5 46. Rc6 Ke7 47.
Rc7+ Kd8 48. Ra7 h3 49. Rg7 Rh8 50. Kf3 Re8 51. Rh7 Re1 52. Rxh3 Ke7 53. Kg4 Rd1
54. Rh7+ Kf6 55. Rh6+ Ke7 56. Re6+ Kd7 57. h4 Rxd5 58. Re1 Rd2 59. h5 Rh2 60.
Re3 d5 61. Rh3 Rg2+ 62. Kf5 Rg8 63. h6 Rf8+ 64. Kg5 Rg8+ 65. Kf6 Rf8+ 66. Kg7
Rxf4 67. h7 Ke6 68. h8=Q 1-0

[Event "Gibraltar Open"]
[Site "Caleta ENG"]
[Date "2012.01.26"]
[Round "3.55"]
[White "Lund, Silas"]
[Black "Hallerod, Ralph"]
[Result "1-0"]
[WhiteTitle "IM"]
[WhiteElo "2414"]
[BlackElo "2124"]
[WhiteFideId "1405454"]
[BlackFideId "1705644"]
[EventDate "2012.01.24"]

1. d4 c6 2. c4 d5 3. Nf3 e6 4. Nc3 dxc4 5. a4 Bb4 6. e3 Bxc3+ 7. bxc3 b5 8. Ne5
Qc7 9. Qg4 g6 10. Qf4 Na6 11. Be2 Bb7 12. Bf3 b4 13. Nxc4 Qxf4 14. exf4 O-O-O
15. Ne5 Rf8 16. Rb1 Ne7 17. cxb4 f6 18. Nc4 Rd8 19. Be3 Nc7 20. O-O Ba6 21. Rfc1
Kd7 22. Na5 Ncd5 23. Bxd5 exd5 24. b5 cxb5 25. axb5 Bc8 26. Bd2 Ke6 27. Bb4 Nf5
28. Bc5 Rd7 29. Nc6 a6 30. bxa6 Bxa6 31. Rb6 Bc8 32. Nd8# 1-0

[Event "Gibraltar Open"]
[Site "Caleta ENG"]
[Date "2012.01.26"]
[Round "3.57"]
[White "Kakulia, Shalva"]
[Black "Karim, Ismael"]
[Result "0-1"]
[BlackTitle "IM"]
[WhiteElo "2133"]
[BlackElo "2405"]
[WhiteFideId "13602306"]
[BlackFideId "625736"]
[EventDate "2012.01.24"]

1. e4 d6 2. d4 Nf6 3. Nc3 g6 4. Nf3 Bg7 5. Bc4 O-O 6. O-O Bg4 7. h3 Bxf3 8. Qxf3
Nc6 9. Be3 Nd7 10. Rad1 e5 11. d5 Ne7 12. Qe2 f5 13. f3 f4 14. Bf2 Nf6 15. Qd2
g5 16. Be2 Ng6 17. b4 h5 18. Rc1 Bh6 19. Qd1 Kg7 20. Nb1 g4 21. Nd2 gxh3 22.
gxh3 h4 23. Kh2 Nh5 24. Rg1 Ng3 25. c4 a5 26. b5 b6 27. a4 Kh7 28. Rc2 Rg8 29.
Nb3 Bf8 30. Nc1 Nh8 31. Nd3 Nf7 32. Bf1 Qd7 33. Bg2 Be7 34. Be1 Nh5 35. Nf2 Rg3
36. Ng4 Ng5 37. Rh1 Rg8 38. Bxg3 fxg3+ 39. Kg1 Rf8 40. Rc3 Qe8 41. Ne3 Qg6 42.
Nf5 Rxf5 43. exf5 Qxf5 44. Qc2 e4 45. fxe4 Qe5 46. Rd3 Nf4 47. Rd1 Bf6 48. Kf1
Kg8 49. Re1 Bg7 50. Qd2 Qf6 51. Kg1 Nd3 52. Rd1 Nf3+ 53. Bxf3 Qxf3 54. e5 Nf2 0-1

[Event "Gibraltar Open"]
[Site "Caleta ENG"]
[Date "2012.01.26"]
[Round "3.60"]
[White "Bosboom, Manuel"]
[Black "Dasaolu, Adeoye"]
[Result "1-0"]
[WhiteTitle "IM"]
[WhiteElo "2394"]
[BlackElo "2103"]
[WhiteFideId "1000080"]
[BlackFideId "416061"]
[EventDate "2012.01.24"]

1. c4 c5 2. g3 g6 3. Bg2 Bg7 4. Nc3 Nc6 5. Bxc6 bxc6 6. Qc2 d6 7. b3 e5 8. Bb2
Bf5 9. d3 Qc7 10. f4 f6 11. O-O-O O-O-O 12. Kb1 Ne7 13. Rf1 Rhf8 14. e4 Be6 15.
Nf3 Kb7 16. Na4 Ka8 17. h4 h5 18. Rf2 Bh6 19. Bc1 Ng8 20. Qe2 Bg4 21. Qf1 Qe7
22. Nh2 Be6 23. Qg2 Qd7 24. Qf3 Qg7 25. Rg1 Qh7 26. f5 Bd7 27. g4 hxg4 28. Qxg4
gxf5 29. exf5 Bxc1 30. Kxc1 Ne7 31. Rgf1 Rg8 32. Qe4 Rg3 33. Kb2 Rdg8 34. Ka3
Qh6 35. Nf3 R8g4 36. Qe1 Qh8 37. h5 Kb7 38. d4 cxd4 39. Qb4+ Ka8 40. Qa5 Kb8 41.
Qb4+ Kc8 42. Qxd6 Nxf5 43. Qc5 Kb7 44. Nxe5 fxe5 45. Rxf5 Bxf5 46. Rxf5 Rf4 47.
Rxe5 Re3 48. Qe7+ Ka8 49. Nc5 Qc8 50. h6 Rxe5 51. Qxe5 Rf5 52. Qe7 Rh5 53. h7
Rh3 54. Qg7 d3 55. Qg8 Kb8 56. Nxd3 Kc7 57. Nc5 Rh1 58. Ka4 Qh3 59. Qg7+ Kb6 60.
Nd7+ Ka6 61. Kb4 Kb7 62. Nc5+ Kc8 63. h8=Q+ 1-0

[Event "Gibraltar Open"]
[Site "Caleta ENG"]
[Date "2012.01.26"]
[Round "3.61"]
[White "Kuipers, Stefan"]
[Black "Jameson, David"]
[Result "1-0"]
[WhiteTitle "FM"]
[WhiteElo "2391"]
[BlackElo "2077"]
[WhiteFideId "1018400"]
[BlackFideId "1801538"]
[EventDate "2012.01.24"]

1. e4 c6 2. d4 d5 3. Nc3 dxe4 4. Nxe4 Bf5 5. Ng3 Bg6 6. h4 h6 7. Nf3 Nd7 8. h5
Bh7 9. Bd3 Bxd3 10. Qxd3 Ngf6 11. Bd2 e6 12. O-O-O Be7 13. Kb1 O-O 14. Ne4 Nxe4
15. Qxe4 Nf6 16. Qh4 a5 17. Rhe1 a4 18. Qh3 a3 19. b3 Qd5 20. Re5 Qd8 21. g4 Nh7
22. Ree1 b5 23. Qg3 Re8 24. Bc1 b4 25. Ne5 Qd5 26. f4 f6 27. Nc4 Rad8 28. Qe3
Nf8 29. Qg1 c5 30. g5 hxg5 31. fxg5 cxd4 32. h6 g6 33. gxf6 Bxf6 34. Rf1 Nh7 35.
Rxf6 1-0

[Event "Gibraltar Open"]
[Site "Caleta ENG"]
[Date "2012.01.26"]
[Round "3.62"]
[White "Graf, Felix"]
[Black "Suez-Panama, Gilles"]
[Result "1/2-1/2"]
[WhiteElo "2367"]
[BlackElo "2034"]
[WhiteFideId "24608904"]
[BlackFideId "620165"]
[EventDate "2012.01.24"]

1. d4 Nf6 2. c4 e6 3. Nf3 d6 4. d5 exd5 5. cxd5 c5 6. Nc3 g6 7. Qa4+ Nbd7 8. Bf4
Qb6 9. e4 Bg7 10. Qb3 O-O 11. Bd3 Re8 12. O-O Bf8 13. Qxb6 Nxb6 14. Nb5 Rd8 15.
h3 a6 16. Nc3 Re8 17. a4 Nbd7 18. Nd2 Ne5 19. Bxe5 dxe5 20. Ra3 c4 21. Nxc4 Bxa3
22. Nxa3 Bd7 23. Nc4 b5 24. Nb6 Rab8 25. Nxd7 Nxd7 26. axb5 axb5 27. Bxb5 Red8
28. f3 Nc5 29. b4 Nb3 30. Rb1 Nd4 31. Bc6 Rdc8 32. b5 Kf8 33. Ra1 Ke7 34. Ra7+
Kf6 35. Kf2 h5 36. h4 Kg7 37. Ke3 Nc2+ 38. Kd3 Ne1+ 39. Kc4 Nxg2 40. d6 Nxh4 41.
f4 exf4 42. e5 Nf5 43. Kd3 Rd8 44. Ne4 f3 45. Ng5 f2 46. Ke2 Nd4+ 47. Kxf2 Kg8
48. Bd5 Nxb5 49. Bxf7+ Kg7 50. Re7 Kh6 51. Ne4 Nd4 52. Rc7 Nb5 53. Ke3 Ra8 54.
Rb7 Ra3+ 55. Kd2 Nd4 56. e6 Nf3+ 57. Kc2 Ne5 58. e7 Nxf7 59. d7 Raa8 60. Nf6 Nd6
61. Rb6 Rxd7 62. Nxd7 Nf5 63. Ne5 Nxe7 64. Re6 Ra7 65. Kd3 Kg5 66. Ke4 Ra4+ 67.
Kf3 Ra7 68. Ke4 h4 69. Nf3+ Kg4 70. Ne5+ Kg5 71. Nf3+ Kh5 72. Ne5 h3 73. Kf3 Nf5
74. Re8 Ra3+ 75. Kf4 Ra4+ 76. Kf3 h2 77. Rh8+ Nh6 78. Kg2 Ra2+ 79. Kh1 Kg5 80.
Nf3+ Kh5 81. Ne5 Rf2 82. Rxh6+ Kxh6 83. Ng4+ 1/2-1/2

[Event "Gibraltar Open"]
[Site "Caleta ENG"]
[Date "2012.01.26"]
[Round "3.63"]
[White "Marder, Simon"]
[Black "Fenollar Jorda, Manuel"]
[Result "0-1"]
[BlackTitle "FM"]
[WhiteElo "2032"]
[BlackElo "2360"]
[WhiteFideId "1704540"]
[BlackFideId "2217104"]
[EventDate "2012.01.24"]

1. d4 d5 2. e4 dxe4 3. Nc3 Bf5 4. f3 exf3 5. Qxf3 Qc8 6. Bc4 e6 7. g4 Bg6 8.
Nge2 h5 9. d5 e5 10. gxh5 Bxh5 11. Qg3 Nd7 12. Be3 Bg6 13. O-O-O Bd6 14. Bd3 e4
15. Bf4 exd3 16. Bxd6 cxd6 17. Nd4 Ne7 18. Rde1 Ne5 19. Ndb5 Qd7 20. Rxe5 dxe5
21. d6 O-O 22. dxe7 Qxe7 0-1

[Event "Gibraltar Open"]
[Site "Caleta ENG"]
[Date "2012.01.26"]
[Round "3.64"]
[White "Aranha Filho, Alvaro Z."]
[Black "Carlsten, Peter"]
[Result "1/2-1/2"]
[WhiteTitle "FM"]
[WhiteElo "2307"]
[BlackElo "2030"]
[WhiteFideId "2103931"]
[BlackFideId "1705067"]
[EventDate "2012.01.24"]

1. d4 d6 2. Bg5 c5 3. dxc5 Qa5+ 4. Qd2 Qxc5 5. Nc3 h6 6. Be3 Qa5 7. Nd5 Qd8 8.
c4 e6 9. Nc3 Nf6 10. g3 a6 11. Bg2 Qc7 12. Rc1 Nbd7 13. Nh3 Rb8 14. Nf4 b6 15.
O-O Bb7 16. Bh3 Qc6 17. f3 Nc5 18. b4 g5 19. Nd3 Ncd7 20. a4 g4 21. Bg2 h5 22.
b5 Qxc4 23. bxa6 Qxa6 24. Nb5 Qxa4 25. Qb2 gxf3 26. Ra1 Qe4 27. Rxf3 Rg8 28. Bf4
e5 29. Rf2 Qc4 30. Bxb7 Rxb7 31. Rc1 Qa4 32. Rc8+ Ke7 33. Nxd6 exf4 34. Rxf4
Qxf4 35. Nxf4 Kxd6 36. Qd4+ Ke7 37. Qb4+ Nc5 38. Rxc5 Kd8 39. Nd3 Nd7 40. Qh4+
Be7 41. Rc8+ Kxc8 42. Qxe7 Nc5 43. Qe3 Nxd3 44. Qxd3 b5 45. Qf5+ Kb8 46. Qxh5 b4
47. Qe5+ Ka8 48. Qa5+ Kb8 49. Qe5+ Ka8 1/2-1/2

[Event "Gibraltar Open"]
[Site "Caleta ENG"]
[Date "2012.01.26"]
[Round "3.66"]
[White "Zachariassen, John"]
[Black "Oberhofer, Andre"]
[Result "0-1"]
[WhiteElo "1949"]
[BlackElo "2299"]
[WhiteFideId "1405535"]
[BlackFideId "24654140"]
[EventDate "2012.01.24"]

1. Nf3 d5 2. d3 Nc6 3. Nbd2 e5 4. e4 Nge7 5. Be2 g6 6. c3 Bg7 7. Qc2 O-O 8. h4
Bg4 9. Nf1 f5 10. Ne3 Bxf3 11. Bxf3 d4 12. Nd5 Nxd5 13. exd5 Ne7 14. Qb3 Qd6 15.
h5 Rae8 16. c4 e4 17. dxe4 fxe4 18. Bg4 Nf5 19. Bd2 e3 20. Bb4 Qf4 21. Bf3 exf2+
22. Kxf2 Qg3+ 23. Kg1 Re3 24. Qd1 Nh4 25. Rxh4 Qxh4 26. Bxf8 Bxf8 27. hxg6 Bd6
28. gxh7+ Kh8 29. g4 Qh2+ 30. Kf1 Qf4 0-1

[Event "Gibraltar Open"]
[Site "Caleta ENG"]
[Date "2012.01.26"]
[Round "3.68"]
[White "Astaneh Lopez, Alex"]
[Black "Eriksen, Magnus"]
[Result "1/2-1/2"]
[WhiteTitle "IM"]
[WhiteElo "2414"]
[BlackElo "2076"]
[WhiteFideId "2501430"]
[BlackFideId "1509764"]
[EventDate "2012.01.24"]

1. Nf3 Nf6 2. c4 g6 3. g3 Bg7 4. Bg2 d5 5. cxd5 Nxd5 6. Nc3 Nb6 7. d4 Nc6 8. e3
O-O 9. O-O e5 10. d5 Ne7 11. e4 Bg4 12. h3 Bxf3 13. Qxf3 c6 14. Rd1 cxd5 15.
exd5 Nf5 16. Qd3 Nd6 17. Nb5 Nbc4 18. Nxd6 Nxd6 19. Be3 f5 20. Rac1 Rf7 21. Rc2
e4 22. Qd2 Rd7 23. Bf4 Qe7 24. a4 Be5 25. Bg5 Qe8 26. Be3 a6 27. b3 Rc8 28. Rdc1
Rdd8 29. Bc5 Nf7 30. Bf1 Qd7 31. Rd1 1/2-1/2

[Event "Gibraltar Open"]
[Site "Caleta ENG"]
[Date "2012.01.26"]
[Round "3.69"]
[White "Getz, Nicolai"]
[Black "Peltomaki, Jarmo"]
[Result "1-0"]
[WhiteTitle "IM"]
[WhiteElo "2408"]
[BlackElo "2051"]
[WhiteFideId "1505572"]
[BlackFideId "507148"]
[EventDate "2012.01.24"]

1. c4 g6 2. d4 Bg7 3. Nf3 c5 4. d5 d6 5. Nc3 Bxc3+ 6. bxc3 f5 7. g3 Qa5 8. Qb3
Nf6 9. Bg2 Nbd7 10. Ng5 Rb8 11. O-O Nb6 12. Re1 Bd7 13. e4 Ba4 14. Qb1 Nxc4 15.
exf5 Qxc3 16. Bf4 Na3 17. Qc1 Nc2 18. Bxd6 Qxe1+ 19. Qxe1 Nxe1 20. Rxe1 Kd7 21.
Bxc5 Rhe8 22. fxg6 hxg6 23. Bh3+ Kc7 24. Ne6+ Kd7 25. Ng7+ Kc7 26. Ne6+ Kc8 27.
Bxa7 Ra8 28. Rc1+ Kd7 29. Nf4+ Kd6 30. Bc5+ Kc7 31. Bxe7+ Bc6 32. Bxf6 Rxa2 33.
dxc6 bxc6 34. Nd5+ Kd6 35. Nb4 Rae2 36. Rxc6# 1-0

[Event "Gibraltar Open"]
[Site "Caleta ENG"]
[Date "2012.01.26"]
[Round "3.70"]
[White "Skutta, Bernd"]
[Black "Ansell, Simon T"]
[Result "0-1"]
[BlackTitle "IM"]
[WhiteElo "2078"]
[BlackElo "2373"]
[WhiteFideId "4666950"]
[BlackFideId "402141"]
[EventDate "2012.01.24"]

1. d4 g6 2. e4 Bg7 3. Nf3 d6 4. Nc3 a6 5. a4 b6 6. Be3 Bb7 7. Bc4 e6 8. Qd2 Nd7
9. Bg5 Qc8 10. O-O h6 11. Be3 Ngf6 12. e5 Ne4 13. Nxe4 Bxe4 14. Be2 dxe5 15.
Nxe5 Nxe5 16. dxe5 Bxe5 17. Rad1 Qb7 18. Bxh6 Bd6 19. f3 O-O-O 20. Bf4 Bc5+ 0-1

[Event "Gibraltar Open"]
[Site "Caleta ENG"]
[Date "2012.01.26"]
[Round "3.71"]
[White "De Seroux, Camille"]
[Black "Wantiez, Fabrice"]
[Result "1/2-1/2"]
[BlackTitle "FM"]
[WhiteElo "2076"]
[BlackElo "2366"]
[WhiteFideId "1305620"]
[BlackFideId "202274"]
[EventDate "2012.01.24"]

1. e4 e5 2. Nf3 Qe7 3. Nc3 c6 4. Bc4 d6 5. O-O Bg4 6. h3 Bh5 7. Be2 Nf6 8. d4
Qc7 9. Re1 Be7 10. a4 O-O 11. b3 a5 12. Ba3 Na6 13. Qd2 Nb4 14. Rad1 Bxf3 15.
Bxf3 exd4 16. Ne2 c5 17. c3 d3 18. Nd4 cxd4 19. cxb4 axb4 20. Bxb4 Rfe8 21. Qxd3
d5 22. Rc1 Qb6 23. Bxe7 dxe4 24. Bxe4 Rxe7 25. Bxh7+ Kf8 26. Rxe7 Kxe7 27. Be4
Kf8 28. Bf3 Nd7 29. Qh7 Nf6 30. Qd3 Nd7 31. Qh7 Nf6 32. Qf5 Rd8 33. Rd1 Kg8 34.
Rd3 Qb4 35. Qe5 b6 36. g3 Rd6 37. Kg2 g6 38. Bb7 Nd7 39. Qe7 Qc5 40. b4 Qe5 41.
Qxe5 Nxe5 42. Rd1 Nc4 43. Ra1 d3 44. a5 bxa5 45. bxa5 d2 46. Bf3 Nxa5 47. Rxa5
d1=Q 48. Bxd1 Rxd1 49. g4 Kg7 50. Ra6 Rd5 51. Kg3 Rb5 52. h4 Rc5 53. Rb6 Ra5 54.
Rb4 Rc5 55. Re4 Ra5 56. Re3 Rb5 57. g5 Ra5 58. Rf3 Rb5 59. Kg4 Rb4+ 60. Kg3 Rb5
61. Rf4 Ra5 62. Rd4 Rb5 63. Kg4 Ra5 64. h5 gxh5+ 65. Kxh5 Ra1 66. Rg4 Rf1 67.
Rg2 f6 68. Kg4 fxg5 69. Kxg5 Ra1 70. f4 Ra5+ 71. f5 Ra6 72. Rb2 Rc6 73. Rb7+ Kf8
74. Rh7 Ra6 75. Rh8+ Kg7 76. Re8 Kf7 77. Rb8 Rc6 78. Rb7+ Kf8 79. Ra7 Rb6 80. f6
Rb1 1/2-1/2